Equipos de gestion y proyecto educativo : condiciones básicas para una gestión educativa en un contexto descentralizado (Record no. 67994)

MARC details
000 -CABECERA
campo de control de longitud fija 00639nam a2200205 a 4500
005 - FECHA Y HORA DE LA ÚLTIMA TRANSACCIÓN
campo de control 20210219153100.0
008 - ELEMENTOS DE LONGITUD FIJA--INFORMACIÓN GENERAL
campo de control de longitud fija 991125n 000 0 spa u
035 ## - NÚMERO DE CONTROL DEL SISTEMA
Número de control de sistema UPN01000076931
100 ## - ASIENTO PRINCIPAL--NOMBRE PERSONAL
Nombre de persona GUERRERO, Guido
222 ## - TÍTULO CLAVE
Título clave REVISTA DE TECNOLOGIA EDUCATIVA
245 ## - MENCIÓN DE TÍTULO
Título Equipos de gestion y proyecto educativo : condiciones básicas para una gestión educativa en un contexto descentralizado
300 ## - DESCRIPCIÓN FÍSICA
Extensión 227-248
362 ## - FECHAS DE PUBLICACIÓN Y/O DESIGNACIÓN SECUENCIAL
Fecha de publicación y/o designación secuencial 2000 14 (1-2)
653 0# - TERMINO DE INDIZACION - NO CONTROLADO
Término no controlado CHILE (PAIS)
653 0# - TERMINO DE INDIZACION - NO CONTROLADO
Término no controlado DESCENTRALIZACION EDUCATIVA
653 0# - TERMINO DE INDIZACION - NO CONTROLADO
Término no controlado GESTION EDUCATIVA
653 0# - TERMINO DE INDIZACION - NO CONTROLADO
Término no controlado MODERNIZACION EDUCATIVA
904 ## - ELEMENTOS DE DATOS D LOCAL, LDD (RLIN)
a AC
b 014742
905 ## - TIPO DE MATERIAL
Tipo de material Articulo

No items available.